| 000 | 00843nam a2200289 a 4500 | ||
|---|---|---|---|
| 001 | 000115606 | ||
| 003 | CHAP | ||
| 005 | 20220329144541.0 | ||
| 008 | 190613s2016 mx a |r| ||||||spa d | ||
| 010 | _a112067 | ||
| 011 | _a113039 | ||
| 020 | _a9786071726254 | ||
| 040 | _cCHAP | ||
| 082 | 0 | 4 |
_a636.897 _bO65 |
| 100 | 1 |
_aOrdóñez Medina, Rafael. _9136027 |
|
| 245 | 1 | 0 |
_aUrgencias quirúrgicas en bovinos / _cpor Rafael Ordoñez Medina y Irma Tovar Corona. |
| 260 |
_aCiudad de México : _bTrillas, _c2016. |
||
| 300 |
_a109 p. : _bil. |
||
| 590 |
_aBATCH-UPD _b05 _c20190613 _lUCH01 _h1042 |
||
| 590 |
_aE5765TAJ _b05 _c20190613 _lUCH01 _h1041 |
||
| 650 | 1 | 4 |
_aCirugía veterinaria. _923436 |
| 650 | 1 | 4 |
_aGanado vacuno _xEnfermedades. _945460 |
| 700 | 1 |
_aTovar Corona, Irma. _9136028 |
|
| 901 | _aBK | ||
| 942 | _cLIBRO | ||
| 942 | _n0 | ||
| 999 |
_c112067 _d112067 |
||